| 000 | 00525cam a2200181 4500 | ||
|---|---|---|---|
| 001 | D10257 | ||
| 008 | 090401t xxu||||| |||| 00| 0 eng d | ||
| 035 | _a(Sirsi) u94573 | ||
| 041 | _aeng | ||
| 050 | _a696.9 | ||
| 100 | _aBoulton, A.L. | ||
| 245 | 2 | _aA case study of a warehouse to office conversion (synopsis only) | |
| 350 | _a0 | ||
| 520 | _aIn: RICS. Energy conservation in buildings. Building Surveyors Division conference...Feb. 1979 1979/6ABC | ||
| 700 | _aScott-Beckett, A. | ||
| 942 | _n0 | ||
| 948 | _c04/03/1997 | ||
| 999 |
_c98084 _d98084 |
||